000 01388nam a22003017i 4500
003 URS
005 20240412231315.0
008 180108b xxu||||| |||| 00| 0 eng d
050 1 4 _aBF 698.8.M94
_bB2125 2011
100 1 _aBallarda, Jacelle S,
_eauthor
245 1 0 _aPersonality traits (Myers-Briggs personality type indicator introvert extrovert) of the college freshman students with broken family in the University of Rizal System - Tanay /
_cJacelle S. Ballarda, Bernadette H. Acleta.
260 1 _c2011.
300 _axiv, 58 leaves ;
_billustrationS (some colour) :
_c28 cm
336 _2rdacontent
_atext
336 _2rdacontent
_astill image
337 _2rdamedia
_aunmediated
338 _2rdacarrier
_avolume
502 _aThesis
_bBachelor of Science in Psychology
_cUniversity of Rizal System
_d2011
504 _aIncludes bibliographical references.
520 _aThis study aimed to determine the personality traits of the college freshman students with broken families in the University of Rizal System - Tanay.
610 2 4 _aUniversity of Rizal System
_bTanay Rizal
_xUndergraduates
650 0 _aMyers-Briggs Type Indicator
650 0 _aBroken homes
700 1 _aAcleta, Bernadette H.
_eauthor
700 1 _aLontoc, Ella J.
_edegree supervisor
856 _3Online Request for Student Unpublished Works
_uhttps://forms.gle/7LqvGGkaDrUQqz429
942 _2lcc
_cT
999 _c73149
_d73148